| 000 | 00329nam a2200109Ia 4500 | ||
|---|---|---|---|
| 008 | 200302s9999 xx 000 0 und d | ||
| 100 | _aArne A. Klett. Karen Ballmann | ||
| 245 | _aAsian Design Destinations From the Middle East to the Far East | ||
| 260 | _bVerlag der Buchhandlung Walther Konig , | ||
| 260 | _c2010 | ||
| 300 | _a703 | ||
| 999 |
_c3575 _d3575 |
||